000 00871nam a22003137a 4500
001 0060415
003 KOHA_MİRAKIL
005 20260207004259.0
007 ta
008 170622b2008 tu |||gr||||#0|||0|tur |
020 _a9758768891
040 _aTR-BiSEU
_btur
_cTR-BiSEU
_erda
041 0 _atur
044 _ctu
050 _aHM585
_b.B69 2008
100 1 _aBozkurt, Veysel.
245 1 _aDeğişen dünyada sosyoloji :
_btemeller, kavramlar, kurumlar/
_cVeysel Bozkurt ; Veysel Bozkurt.
264 1 _aBursa :
_bEkin Kitabevi
_c2008
300 _aXIV, 402 sayfa ;
_c21 cm.
336 _ametin
_btxt
_2rdacontent
337 _aaracısız
_bn
_2rdamedia
338 _acilt
_bnc
_2rdacarrier
500 _aDizin var.
500 _aKaynakça var.
650 0 _aSosyoloji.
_92060
650 0 _aSociology.
_92061
907 _aSosyoloji
942 _2lcc
_cBK
999 _c60218
_d60218